[Event "Gipuzkoa-ch C"]
[Site "Azpeitia"]
[Date "2019.11.23"]
[Round "5"]
[White "Miralles Larraza, Faustino"]
[Black "Elustondo Otaegui, Aitor"]
[Result "1-0"]
[WhiteElo "1386"]
[BlackElo "1501"]
[PlyCount "47"]
[EventDate "2019.10.19"]
[EventType "swiss"]
[EventRounds "7"]
[EventCountry "ESP"]
[SourceTitle "EXT 2024"]
[Source "ChessBase"]
[SourceDate "2023.10.10"]
[SourceVersion "1"]
[SourceVersionDate "2023.10.10"]
[SourceQuality "1"]

1. d4 Nf6 2. Nc3 g6 3. Bf4 d6 4. e3 Nbd7 5. h4 c5 6. dxc5 Nxc5 7. Be2 Qb6 8. Qc1 h5 9. Bf3 Be6 10. b3 Bg7 11. Rb1 Qb4 12. Nge2 Nfe4 13. a3 Bxc3+ 14. Kf1 Nd2+ 15. Kg1 Qb6 16. Nxc3 Nxb1 17. Nxb1 Rc8 18. Kh2 Nxb3 19. Qb2 Rg8 20. cxb3 Qxb3 21. Qd4 b6 22. Bd1 Qa2 23. Ba4+ Kf8 24. Bh6+ 1-0

[Event "Gipuzkoa-ch C"]
[Site "Azpeitia"]
[Date "2019.11.16"]
[Round "4"]
[White "Elustondo Otaegui, Aitor"]
[Black "Fernandez Salas, Juan Carlos"]
[Result "1-0"]
[WhiteElo "1501"]
[BlackElo "1335"]
[PlyCount "118"]
[EventDate "2019.10.19"]
[EventType "swiss"]
[EventRounds "7"]
[EventCountry "ESP"]
[SourceTitle "EXT 2024"]
[Source "ChessBase"]
[SourceDate "2023.10.10"]
[SourceVersion "1"]
[SourceVersionDate "2023.10.10"]
[SourceQuality "1"]

1. e4 e5 2. Nf3 Nf6 3. Nc3 Bb4 4. Bd3 d6 5. a3 Ba5 6. b4 Bb6 7. h3 Nc6 8. Bb2 Be6 9. Ng5 Qd7 10. Na4 h6 11. Nxb6 axb6 12. Nxe6 Qxe6 13. 0-0 0-0-0 14. Qe2 g5 15. Bc4 d5 16. exd5 Nxd5 17. Rfe1 f6 18. b5 Na5 19. Bxd5 Qxd5 20. Bc3 Qc4 21. Qe4 Qxb5 22. Qf5+ Qd7 23. Qxf6 Nc4 24. d3 Rhf8 25. Qxh6 Rh8 26. Qg6 Rdg8 27. Qe4 g4 28. hxg4 Rxg4 29. Qf3 Rgh4 30. Kf1 e4 31. Rxe4 Rxe4 32. Qxe4 Nd2+ 33. Bxd2 Rh1+ 34. Ke2 Rxa1 35. Qb4 Rh1 36. Qf8+ Qd8 37. Qxd8+ Kxd8 38. g4 Ra1 39. f4 Rxa3 40. Ke3 Ra2 41. c4 Kd7 42. Bc3 Ke6 43. Be5 c5 44. g5 Kf5 45. Bc7 Rb2 46. Bd6 b5 47. cxb5 Rxb5 48. Kd2 b6 49. Kc3 Ra5 50. Kc4 Ra4+ 51. Kc3 Rd4 52. Be5 Rd8 53. Bc7 Rc8 54. Bxb6 Kxf4 55. Kc4 Kxg5 56. Bxc5 Kf5 57. d4 Ke6 58. Kb5 Kd5 59. Ba7 Rc4 1-0